000 00544nam a2200205Ia 4500
003 GCL
008 140319s9999 xx 000 0 eng d
040 _aGCL /
_cGCL
082 0 4 _a741.942
_bR W
100 1 _aRAYALTON - KISCK, MARTIN
245 1 0 _aDRAWING BY REMBRANDT AND HIS CIRCLE IN BRITISH MUSEUM /
_cRAYALTON - KISCK, MARTIN
260 _a[S.N] :
_bBRITISH MUSEUM PRESS ،
_c1992
300 _a248 P
650 0 4 _aMUSEUMS
650 0 4 _aDRAWING
650 0 4 _aREMBRANDT
650 0 4 _aARTS
650 0 4 _aPAINTING
942 _2ddc
_cBK
999 _c18834
_d18834